Logo BPK

Biblioteka

Politechniki Koszalińskiej

Longman Advanced English : (Rekord nr 41338)

Szczegóły MARC
000 -ETYKIETA REKORDU
podpole kontrolne o stałej długości 00607nam a2200217 i 4500
001 - NUMER KONTROLNY REKORDU
pole kontrolne bgj
020 ## - MIĘDZYNARODOWY ZNORMALIZOWANY NUMER KSIĄŻKI - ISBN
ISBN 0582743559 (pbk)
040 ## - ŹRÓDŁO KATALOGOWANIA
Instytucja, która utworzyła rekord BPK
041 0# - KOD JĘZYKA
Kod języka tekstu eng
920 ## - Międzynarodowy znormalizowany numer książki – ISBN
ISBN 0-582-74355-9 (pbk)
008 - POLE O STAŁEJ DŁUGOŚCI - DANE KONTROLNE
podpole kontrolne o stałej długości s uk f |000 0 eng
100 1# - NAZWA OSOBOWA
Nazwa osobowa KINGSBURY, Roy.
245 10 - TYTUŁ/ODPOWIEDZIALNOŚĆ
Tytuł Longman Advanced English :
Ciąg dalszy tytułu coursebook /
Pozostałe elementy strefy tytułu i oznaczenia odpowiedzialności Roy Kingsbury and Guy Wellman.
250 ## - STREFA WYDANIA
Oznaczenie wydania [9th impr.].
260 ## - STREFA ADRESU WYDAWNICZEGO
Miejsce wydania Harlow, Essex :
Nazwa wydawcy/dystrybutora Longman,
Data publikacji, dystrybucji/powstania dokumentu 1990.
300 ## - STREFA OPISU FIZYCZNEGO
Objętość 208 pp :
Inne cechy fizyczne ill. ;
Rozmiary 25 cm.
650 #9 - HASŁO PRZEDMIOTOWE W FORMIE NAZWY OGÓLNEJ LUB JEDNOSTKOWEJ
Nazwa ogólna lub geograficzna English language
655 ## - TERMIN INDEKSOWY - OKREŚLENIE RODZAJU/FORMY DOKUMENTU
Określenie rodzaju/formy dokumentu Textbooks for foreigners
700 1# - HASŁO DODATKOWE - NAZWA OSOBOWA
Nazwa osobowa WELLMAN, Guy.
Określenie związku między hasłem a opisywanym materiałem co-author
856 ## - LOKALIZACJA I DOSTĘP DO ELEKTRONICZNYCH DOKUMENTÓW ZDALNYCH
Link (URL) http://koha.tu.koszalin.pl/cgi-bin/koha/opac-detail.pl?biblionumber=41338
Tekst linku Katalog online BPK
942 ## - DODATKOWE ELEMENTY (KOHA)
Typ dokumentu Książka
Egzemplarze
Wycofany Status egzemplarza Uszkodzony Dostępność Lokalizacja stała Lokalizacja bieżąca Numer ubytku Sygnatura Kod kreskowy Typ dokumentu Miejsce przechowywania
  Egz. niedostępny   Niedostępny Biblioteka Politechniki Koszalińskiej Biblioteka Politechniki Koszalińskiej p.ew. KA 2130 09005648 Książka  
      Dostępny Biblioteka Politechniki Koszalińskiej Biblioteka Politechniki Koszalińskiej   KA 2131 09047266 Książka Wypożyczalnia Językowa
      Dostępny Biblioteka Politechniki Koszalińskiej Biblioteka Politechniki Koszalińskiej   KA 2132 02124308 Książka Wypożyczalnia Językowa
      Dostępny Biblioteka Politechniki Koszalińskiej Biblioteka Politechniki Koszalińskiej   KA 2133 09029019 Książka Wypożyczalnia Językowa
  Egz. niedostępny   Niedostępny Biblioteka Politechniki Koszalińskiej Biblioteka Politechniki Koszalińskiej p.ew. KA 2134 ka 2134 Książka  
  Egz. niedostępny   Niedostępny Biblioteka Politechniki Koszalińskiej Biblioteka Politechniki Koszalińskiej p.ew. KA 3905 09005693 Książka  
  Egz. niedostępny   Niedostępny Biblioteka Politechniki Koszalińskiej Biblioteka Politechniki Koszalińskiej p.ew. KA 3906 09034525 Książka  
© 2023 Biblioteka Politechniki Koszalińskiej :: KOHA